[Event "RUS-ch 60th zt"]
[Site "Rostov on Don"]
[Date "2007.03.??"]
[Round "1"]
[White "Sirotine, Konstantin"]
[Black "Chunihin, Sergey"]
[Result "1-0"]
[WhiteElo "2402"]
[BlackElo "2110"]
[PlyCount "65"]
[EventDate "2007.03.16"]
[EventType "swiss"]
[EventRounds "9"]
[EventCountry "RUS"]
[SourceTitle "EXT 2022"]
[Source "ChessBase"]
[SourceDate "2021.10.06"]
[SourceVersion "1"]
[SourceVersionDate "2021.10.06"]
[SourceQuality "1"]

1. e4 Nc6 2. Nf3 g6 3. d4 Bg7 4. Nc3 d6 5. Be3 Bg4 6. Be2 e5 7. dxe5 dxe5 8. Nd5 Bxf3 9. Bxf3 Nd4 10. c3 Ne6 11. Bg4 Ne7 12. Qb3 c6 13. Bxe6 fxe6 14. Nb4 Qc8 15. Bc5 Bf6 16. Nd3 g5 17. Bxe7 Kxe7 18. 0-0-0 b6 19. g3 Rf8 20. Kb1 Bg7 21. f4 exf4 22. gxf4 gxf4 23. Rhg1 Bh8 24. e5 c5 25. Qc4 Qc6 26. Nb4 Qc8 27. Qe4 cxb4 28. Qxh7+ Ke8 29. Rg8 bxc3 30. Rxf8+ Kxf8 31. Qxh8+ Kf7 32. Qh7+ Ke8 33. Rg1 1-0

[Event "RUS-ch 60th zt"]
[Site "Rostov on Don"]
[Date "2007.03.??"]
[Round "7"]
[White "Sirotine, Konstantin"]
[Black "Skorchenko, Dmitry"]
[Result "1/2-1/2"]
[WhiteElo "2402"]
[BlackElo "2463"]
[PlyCount "21"]
[EventDate "2007.03.16"]
[EventType "swiss"]
[EventRounds "9"]
[EventCountry "RUS"]
[SourceTitle "EXT 2022"]
[Source "ChessBase"]
[SourceDate "2021.10.06"]
[SourceVersion "1"]
[SourceVersionDate "2021.10.06"]
[SourceQuality "1"]

1. e4 e6 2. d4 d5 3. Nd2 c5 4. exd5 exd5 5. Ngf3 Nc6 6. Bb5 cxd4 7. Nxd4 Bd7 8. N2f3 Bd6 9. 0-0 Nge7 10. Re1 0-0 11. Bg5 1/2-1/2

[Event "Chigorin Memorial-A 14th"]
[Site "St Petersburg"]
[Date "2006.10.23"]
[Round "1"]
[White "Savchenko, Boris"]
[Black "Sirotine, Konstantin"]
[Result "1-0"]
[WhiteElo "2551"]
[BlackElo "2388"]
[PlyCount "64"]
[EventDate "2006.10.23"]
[EventType "swiss"]
[EventRounds "9"]
[EventCountry "RUS"]
[SourceTitle "EXT 2007"]
[Source "ChessBase"]
[SourceDate "2006.11.23"]
[SourceVersion "1"]
[SourceVersionDate "2006.11.23"]
[SourceQuality "1"]

1. e4 e5 2. Nf3 d6 3. d4 exd4 4. Nxd4 Nf6 5. Nc3 Be7 6. g3 Bg4 7. f3 Bd7 8. Be3 a6 9. g4 h6 10. Qd2 Nc6 11. 0-0-0 Ne5 12. h3 c5 13. Nf5 Bxf5 14. exf5 Nxf3 15. Qf2 Nd4 16. Bxd4 cxd4 17. Qxd4 0-0 18. Bg2 Rc8 19. Bxb7 Rb8 20. Bxa6 Qa5 21. Rhe1 Rfe8 22. Bc4 d5 23. Bb3 Bc5 24. Qa4 Be3+ 25. Kb1 Qc7 26. Nxd5 Nxd5 27. Rxd5 Qg3 28. Red1 Qxh3 29. Rd7 Rf8 30. Qe4 Bg5 31. Rxf7 Rxf7 32. Bxf7+ Kh8 1-0

[Event "Ilyumzhinov Cup"]
[Site "Internet"]
[Date "2006.05.06"]
[Round "?"]
[White "Grishchenko, Sergey"]
[Black "Sirotine, Konstantin"]
[Result "0-1"]
[WhiteElo "2330"]
[BlackElo "2358"]
[PlyCount "62"]
[EventDate "2006.05.06"]
[EventType "swiss"]
[EventRounds "13"]
[EventCountry "RUS"]
[SourceTitle "CBM 112 Extra"]
[Source "ChessBase"]
[SourceDate "2006.07.14"]
[SourceVersion "1"]
[SourceVersionDate "2006.07.14"]
[SourceQuality "1"]

1. d4 d5 2. c4 e6 3. Nc3 c6 4. Nf3 Nf6 5. Bg5 dxc4 6. e4 b5 7. e5 h6 8. Bh4 g5 9. Nxg5 hxg5 10. Bxg5 Nbd7 11. exf6 Qb6 12. g3 Bb7 13. Bg2 0-0-0 14. 0-0 c5 15. d5 b4 16. Na4 Qa6 17. a3 Bxd5 18. Bxd5 Ne5 19. axb4 Rxd5 20. Qe2 cxb4 21. Nc3 Ra5 22. Rxa5 Qxa5 23. Bf4 Nd3 24. Qe4 Nxf4 25. Qc6+ Kb8 26. gxf4 bxc3 27. bxc3 Bc5 28. Rd1 Qc7 29. Qb5+ Bb6 30. Rd7 Rg8+ 31. Kf1 Qxf4 0-1

[Event "Ilyumzhinov Cup"]
[Site "Internet"]
[Date "2006.05.06"]
[Round "?"]
[White "Vysochin, Spartak"]
[Black "Sirotine, Konstantin"]
[Result "1-0"]
[WhiteElo "2555"]
[BlackElo "2358"]
[PlyCount "53"]
[EventDate "2006.05.06"]
[EventType "swiss"]
[EventRounds "13"]
[EventCountry "RUS"]
[SourceTitle "CBM 112 Extra"]
[Source "ChessBase"]
[SourceDate "2006.07.14"]
[SourceVersion "1"]
[SourceVersionDate "2006.07.14"]
[SourceQuality "1"]

1. e4 e6 2. d4 d5 3. Nd2 Nf6 4. e5 Nfd7 5. c3 c5 6. Bd3 Nc6 7. Ne2 cxd4 8. cxd4 f6 9. Nf4 Nxd4 10. Qh5+ Ke7 11. exf6+ Nxf6 12. Ng6+ hxg6 13. Qxh8 Kf7 14. Qh4 e5 15. Nf3 Nxf3+ 16. gxf3 Bf5 17. Bxf5 gxf5 18. Bg5 Qa5+ 19. Kf1 g6 20. Bxf6 Qa6+ 21. Kg2 Qxf6 22. Qa4 Bc5 23. Qd7+ Be7 24. Qxd5+ Kg7 25. Rhe1 Qg5+ 26. Kh1 Bf6 27. Qxb7+ 1-0

[Event "Stepanov Memorial op"]
[Site "Sochi"]
[Date "2005.10.??"]
[Round "2"]
[White "Maslak, Konstantin"]
[Black "Sirotine, Konstantin"]
[Result "1-0"]
[WhiteElo "2531"]
[BlackElo "2387"]
[PlyCount "67"]
[EventDate "2005.10.13"]
[EventType "swiss"]
[EventRounds "9"]
[EventCountry "RUS"]
[SourceTitle "EXT 2007"]
[Source "ChessBase"]
[SourceDate "2006.11.23"]
[SourceVersion "1"]
[SourceVersionDate "2006.11.23"]
[SourceQuality "1"]

1. e4 e6 2. d4 d5 3. e5 c5 4. c3 Qb6 5. Nf3 Nc6 6. a3 Nh6 7. b4 cxd4 8. cxd4 Nf5 9. Bb2 Be7 10. Bd3 Bd7 11. Bxf5 exf5 12. Nc3 Be6 13. h4 0-0 14. h5 h6 15. Qd2 Rac8 16. 0-0 a5 17. b5 Nb8 18. a4 Nd7 19. Ne2 Qa7 20. Qd3 Nb6 21. Bc1 Rc4 22. Ng3 Rxa4 23. Rxa4 Nxa4 24. Nxf5 Bxf5 25. Qxf5 Nc3 26. Qd7 Bb4 27. e6 fxe6 28. Qxe6+ Kh7 29. b6 Qb8 30. Qg6+ Kh8 31. Bxh6 gxh6 32. Qxh6+ Kg8 33. Qg6+ Kh8 34. Ng5 1-0

[Event "Stepanov Memorial op"]
[Site "Sochi"]
[Date "2005.10.??"]
[Round "3"]
[White "Sirotine, Konstantin"]
[Black "Vastrukhin, Oleg"]
[Result "1-0"]
[WhiteElo "2387"]
[BlackElo "2211"]
[PlyCount "139"]
[EventDate "2005.10.13"]
[EventType "swiss"]
[EventRounds "9"]
[EventCountry "RUS"]
[SourceTitle "EXT 2007"]
[Source "ChessBase"]
[SourceDate "2006.11.23"]
[SourceVersion "1"]
[SourceVersionDate "2006.11.23"]
[SourceQuality "1"]

1. e4 e6 2. d4 d5 3. e5 c5 4. c3 Bd7 5. Nf3 Qb6 6. a3 Nc6 7. b4 c4 8. a4 f5 9. g3 Nh6 10. Bg2 Nf7 11. h4 Be7 12. Be3 0-0-0 13. Nbd2 Qc7 14. Ng5 Rdf8 15. Nxf7 Rxf7 16. Bf4 Qd8 17. Nf3 Rff8 18. Qd2 Rfg8 19. Qe3 Be8 20. h5 g5 21. hxg6 hxg6 22. Ng5 Rxh1+ 23. Bxh1 Qd7 24. Bf3 Nd8 25. Ke2 Nf7 26. Rh1 Bxg5 27. Bxg5 Qxa4 28. Be7 Rh8 29. Rxh8 Nxh8 30. Qc1 Nf7 31. Bf6 Qa2+ 32. Kf1 Ba4 33. Kg2 Be8 34. Qh1 Qa4 35. Qh7 Qd7 36. Qg8 b6 37. Qf8 Nd8 38. Bd1 Qf7 39. Qh8 b5 40. Qh6 Nc6 41. Qc1 Kb7 42. Qa3 a6 43. Bf3 Qf8 44. Qa1 Qh6 45. Qb2 Bf7 46. Be2 Qf8 47. Bg5 Qa8 48. Qa3 Qf8 49. Qb2 Qe8 50. Qa3 Qd7 51. Bf3 Qc7 52. Bf6 Qc8 53. Bg5 Qf8 54. Qb2 a5 55. bxa5 Ka6 56. Qa1 Nxa5 57. Bc1 b4 58. cxb4 Qxb4 59. Bb2 Kb6 60. Bd1 Ka6 61. Bc3 Qb6 62. Ba4 Kb7 63. Qa3 Nc6 64. Qd6 Qc7 65. Qf8 g5 66. Bb2 Bh5 67. Qh6 Be2 68. Qxe6 Bd3 69. f3 g4 70. Qxd5 1-0

[Event "RUS Summer U16 2nd"]
[Site "Satka"]
[Date "2005.07.06"]
[Round "9"]
[White "Sirotine, Konstantin"]
[Black "Klimov, Anton"]
[Result "1-0"]
[WhiteElo "2370"]
[BlackElo "2319"]
[PlyCount "125"]
[EventDate "2005.06.27"]
[EventType "swiss"]
[EventRounds "9"]
[EventCountry "RUS"]
[SourceTitle "CBM 107 Extra"]
[Source "ChessBase"]
[SourceDate "2005.09.01"]
[SourceVersion "1"]
[SourceVersionDate "2005.09.01"]
[SourceQuality "1"]

1. e4 c5 2. Nf3 d6 3. c3 Nf6 4. h3 Nc6 5. Bd3 d5 6. e5 Nd7 7. Bb5 Qa5 8. Qe2 c4 9. Bxc6 bxc6 10. 0-0 e6 11. Nd4 Qb6 12. Na3 Ba6 13. Nac2 Be7 14. f4 g6 15. Kh1 0-0-0 16. Qe3 Kc7 17. Re1 c5 18. Nf3 Nb8 19. Rb1 Nc6 20. b3 d4 21. Qf2 dxc3 22. dxc3 Rd3 23. Be3 Rxc3 24. bxc4 Qa5 25. Bd2 Rd8 26. Red1 Kc8 27. Qe1 Qxa2 28. Bxc3 Qxc2 29. Rdc1 Qd3 30. Nd2 Bb7 31. Rb3 Nd4 32. Bxd4 Qxd4 33. Rcb1 Rd7 34. R1b2 Bd8 35. Qe3 Bb6 36. Kh2 Qxe3 37. Rxe3 Rd4 38. Kg3 h5 39. Rc2 Kc7 40. Nb3 Rd7 41. Rd2 Rxd2 42. Nxd2 Ba5 43. Ne4 Bxe4 44. Rxe4 Bb4 45. Re2 a5 46. Ra2 Be1+ 47. Kf3 Kd7 48. Ke2 Bb4 49. Kd3 Kc6 50. Kc2 Be1 51. Ra1 Bg3 52. Rf1 h4 53. Kb3 Kb6 54. Ka4 Ka6 55. Rd1 Bxf4 56. Rd7 Bxe5 57. Rxf7 Bd4 58. Rh7 Kb6 59. Rxh4 Kc6 60. Rg4 Kd6 61. Rxg6 Ke5 62. g4 Bc3 63. Kb5 1-0

[Event "RUS Summer U16 2nd"]
[Site "Satka"]
[Date "2005.06.29"]
[Round "3"]
[White "Chadaev, Nikolay"]
[Black "Sirotine, Konstantin"]
[Result "1/2-1/2"]
[WhiteElo "2434"]
[BlackElo "2370"]
[PlyCount "76"]
[EventDate "2005.06.27"]
[EventType "swiss"]
[EventRounds "9"]
[EventCountry "RUS"]
[SourceTitle "CBM 107 Extra"]
[Source "ChessBase"]
[SourceDate "2005.09.01"]
[SourceVersion "1"]
[SourceVersionDate "2005.09.01"]
[SourceQuality "1"]

1. e4 e6 2. d4 d5 3. e5 c5 4. c3 Qb6 5. Nf3 Bd7 6. a3 cxd4 7. cxd4 Bb5 8. Bxb5+ Qxb5 9. Nc3 Qa6 10. Ne2 Nd7 11. 0-0 Ne7 12. Nf4 h6 13. Be3 Nf5 14. g4 Nxe3 15. fxe3 Be7 16. Rc1 Qb6 17. Rc2 Bg5 18. Ng2 0-0 19. h4 Be7 20. Nf4 Rac8 21. Rg2 g6 22. Qd3 Qa6 23. Qb1 Kg7 24. h5 g5 25. Ng6 fxg6 26. Qxg6+ Kh8 27. Qxh6+ Kg8 28. Qg6+ Kh8 29. Rgf2 Qc6 30. Qh6+ Kg8 31. Nxg5 Bxg5 32. Qxg5+ Kh8 33. Qh6+ Kg8 34. Qg6+ Kh8 35. Qh6+ Kg8 36. Qg6+ Kh8 37. g5 Rxf2 38. Rxf2 Rf8 1/2-1/2

[Event "RUS South Region-ch op"]
[Site "Belorechensk"]
[Date "2005.06.??"]
[Round "?"]
[White "Magomedov, Murad"]
[Black "Sirotine, Konstantin"]
[Result "0-1"]
[WhiteElo "2255"]
[BlackElo "2387"]
[PlyCount "46"]
[EventDate "2005.06.??"]
[EventType "swiss"]
[EventRounds "9"]
[EventCountry "RUS"]
[SourceTitle "EXT 2007"]
[Source "ChessBase"]
[SourceDate "2006.11.23"]
[SourceVersion "1"]
[SourceVersionDate "2006.11.23"]
[SourceQuality "1"]

1. d4 d5 2. c4 e6 3. Nc3 c6 4. e4 Bb4 5. Bd3 dxe4 6. Bxe4 Nf6 7. Bc2 c5 8. Nf3 cxd4 9. Nxd4 e5 10. Ba4+ Bd7 11. Nde2 0-0 12. a3 Bc5 13. 0-0 Be6 14. b4 Bd4 15. Bb3 Nc6 16. Bg5 Rc8 17. Rc1 h6 18. Bh4 g5 19. Bg3 Nh5 20. Qe1 Nf4 21. Bxf4 exf4 22. b5 Bxc3 23. Rxc3 Re8 0-1

[Event "Krasnodar South Region-ch"]
[Site "Krasnodar"]
[Date "2005.02.??"]
[Round "?"]
[White "Kiriushin, Vladimir"]
[Black "Sirotine, Konstantin"]
[Result "1-0"]
[WhiteElo "2172"]
[BlackElo "2382"]
[PlyCount "87"]
[EventDate "2005.02.??"]
[EventType "swiss"]
[EventRounds "9"]
[EventCountry "RUS"]
[SourceTitle "EXT 2006"]
[Source "ChessBase"]
[SourceDate "2005.11.24"]
[SourceVersion "1"]
[SourceVersionDate "2005.11.24"]
[SourceQuality "1"]

1. d4 d5 2. c4 e6 3. Nc3 c6 4. cxd5 exd5 5. Nf3 Nf6 6. Bg5 h6 7. Bh4 Bf5 8. a3 Nbd7 9. e3 Qb6 10. Na4 Qc7 11. Bg3 Bd6 12. Bd3 Ne4 13. Bxd6 Qxd6 14. Bxe4 Bxe4 15. 0-0 0-0 16. Rc1 Rae8 17. Nc3 Bf5 18. Ne2 Bh7 19. Re1 g5 20. Qb3 Qb8 21. Ng3 Bg6 22. Qd1 Kg7 23. b4 f6 24. Nd2 h5 25. Nxh5+ Bxh5 26. Qxh5 Rh8 27. Qg4 Qxh2+ 28. Kf1 Nf8 29. Nf3 Qd6 30. g3 Ng6 31. Nd2 a5 32. Rb1 axb4 33. Rxb4 b5 34. Kg2 Kf7 35. Rb3 Ra8 36. Rc1 Ne7 37. Rc5 Rag8 38. e4 Ng6 39. exd5 Nf4+ 40. Kg1 Nxd5 41. Ne4 Qe7 42. Rxc6 Rh4 43. Nxg5+ Rxg5 44. Qxh4 1-0

[Event "Krasnodar South Region-ch"]
[Site "Krasnodar"]
[Date "2005.02.??"]
[Round "?"]
[White "Pudovkin, Dmitry"]
[Black "Sirotine, Konstantin"]
[Result "1-0"]
[WhiteElo "2349"]
[BlackElo "2382"]
[PlyCount "129"]
[EventDate "2005.02.??"]
[EventType "swiss"]
[EventRounds "9"]
[EventCountry "RUS"]
[SourceTitle "EXT 2006"]
[Source "ChessBase"]
[SourceDate "2005.11.24"]
[SourceVersion "1"]
[SourceVersionDate "2005.11.24"]
[SourceQuality "1"]

1. d4 d5 2. c4 e6 3. Nf3 c6 4. Nbd2 Nf6 5. e3 Nbd7 6. Bd3 dxc4 7. Nxc4 c5 8. 0-0 Be7 9. a4 0-0 10. a5 Nd5 11. Bd2 Nb4 12. Bxb4 cxb4 13. Qc2 Nf6 14. Nfe5 h6 15. Rfc1 Nd5 16. Be4 Bd7 17. Nxd7 Qxd7 18. Ne5 Qd6 19. a6 bxa6 20. Bh7+ Kh8 21. Bd3 Bf6 22. Rxa6 Nb6 23. Nc4 Qd8 24. Rca1 Rc8 25. Qe2 Nxc4 26. Bxc4 Qc7 27. b3 Ra8 28. g3 Rfe8 29. Qh5 Qb7 30. Qa5 Re7 31. Rb6 axb6 32. Qxa8+ Qxa8 33. Rxa8+ Kh7 34. Bd3+ g6 35. Rb8 Rc7 36. Rxb6 Be7 37. Bc4 Kg7 38. Kg2 Ra7 39. h4 h5 40. f4 Rd7 41. Kf3 Kf8 42. Ke4 Kg7 43. Kd3 Kf6 44. Rb5 Kg7 45. e4 Kf6 46. Ke3 Bf8 47. Rb8 Kg7 48. e5 Be7 49. Re8 Bf8 50. Ke4 Be7 51. Rb8 Bf8 52. Rc8 Be7 53. d5 exd5+ 54. Bxd5 Bf8 55. Bc4 Be7 56. Rc6 Rd2 57. Rc7 Kf8 58. f5 gxf5+ 59. Kxf5 Rf2+ 60. Ke4 Rg2 61. Kf3 Rd2 62. Rb7 Rd4 63. Rb5 Kg7 64. e6 fxe6 65. Rxh5 1-0

[Event "Krasnodar South Region-ch"]
[Site "Krasnodar"]
[Date "2005.02.??"]
[Round "?"]
[White "Sirotine, Konstantin"]
[Black "Volkov, Vijcheslav"]
[Result "1-0"]
[WhiteElo "2382"]
[BlackElo "2054"]
[PlyCount "98"]
[EventDate "2005.02.??"]
[EventType "swiss"]
[EventRounds "9"]
[EventCountry "RUS"]
[SourceTitle "EXT 2006"]
[Source "ChessBase"]
[SourceDate "2005.11.24"]
[SourceVersion "1"]
[SourceVersionDate "2005.11.24"]
[SourceQuality "1"]

1. e4 c5 2. Nf3 e6 3. c3 d5 4. exd5 Qxd5 5. d4 Nf6 6. Be3 Be7 7. Bd3 0-0 8. 0-0 b6 9. Qe2 Bb7 10. Nbd2 Nc6 11. a3 Rad8 12. Rad1 Rfe8 13. Bc4 Qh5 14. Rfe1 Bd6 15. dxc5 bxc5 16. Ba6 Ba8 17. Nf1 Ne7 18. Ng5 Qxe2 19. Bxe2 h6 20. Nf3 Ned5 21. Bc1 Bf4 22. Bb5 Rf8 23. Ne3 Nxe3 24. fxe3 Bc7 25. Nd2 Ne4 26. Nxe4 Bxe4 27. Be2 Bc2 28. Rxd8 Rxd8 29. g3 Be5 30. Kf2 f5 31. Bc4 Kf7 32. Re2 Be4 33. Rd2 Rxd2+ 34. Bxd2 a5 35. a4 Bd6 36. Bb5 Be5 37. b4 axb4 38. cxb4 cxb4 39. Bxb4 g5 40. a5 Bc7 41. a6 Bb6 42. Bd6 Kf6 43. Bb8 Ke7 44. Be5 Ba7 45. Bg7 h5 46. Bd4 Bxd4 47. exd4 Bd5 48. Be2 g4 49. Ke3 Kd6 1-0

[Event "Wch U16"]
[Site "Heraklion"]
[Date "2004.11.12"]
[Round "10"]
[White "Sirotine, Konstantin"]
[Black "Larino Nieto, David"]
[Result "1-0"]
[WhiteElo "2400"]
[BlackElo "2307"]
[PlyCount "67"]
[EventDate "2004.11.04"]
[EventType "swiss"]
[EventRounds "11"]
[EventCountry "GRE"]
[SourceTitle "EXT 2005"]
[Source "ChessBase"]
[SourceDate "2004.11.15"]
[SourceVersion "1"]
[SourceVersionDate "2004.11.15"]
[SourceQuality "1"]

1. e4 e6 2. d4 d5 3. e5 c5 4. c3 Nc6 5. Nf3 Nh6 6. Bd3 cxd4 7. cxd4 Nf5 8. Bxf5 exf5 9. Nc3 Be6 10. h4 h6 11. Ne2 Be7 12. Kf1 Qb6 13. Nf4 0-0-0 14. h5 Kb8 15. g3 Rc8 16. Kg2 Rc7 17. a3 Na5 18. b4 Nc4 19. Nd3 Rcc8 20. Bf4 Rcg8 21. Nc5 g5 22. hxg6 fxg6 23. Bxh6 g5 24. Bxg5 Rxh1 25. Qxh1 Bxg5 26. Nxg5 Bc8 27. Qh5 Qc7 28. Nge6 Qc6 29. Nf4 b6 30. Ncd3 Qa4 31. Rh1 Rg4 32. Qf7 Nxa3 33. Rh8 Nb5 34. Qxf5 1-0

[Event "Wch U16"]
[Site "Heraklion"]
[Date "2004.11.10"]
[Round "8"]
[White "Khamrakulov, Djurabek"]
[Black "Sirotine, Konstantin"]
[Result "0-1"]
[WhiteElo "2294"]
[BlackElo "2400"]
[PlyCount "65"]
[EventDate "2004.11.04"]
[EventType "swiss"]
[EventRounds "11"]
[EventCountry "GRE"]
[SourceTitle "EXT 2005"]
[Source "ChessBase"]
[SourceDate "2004.11.15"]
[SourceVersion "1"]
[SourceVersionDate "2004.11.15"]
[SourceQuality "1"]

1. e4 e5 2. Nf3 d6 3. d4 exd4 4. Nxd4 Nf6 5. Nc3 Be7 6. Bc4 0-0 7. 0-0 Nc6 8. Re1 Re8 9. Nxc6 bxc6 10. e5 dxe5 11. Rxe5 Bd6 12. Re2 Bg4 13. f3 Bc5+ 14. Kf1 Rxe2 15. Bxe2 Bd7 16. Bg5 Qe8 17. Qd3 Qe5 18. f4 Qe6 19. Rd1 Re8 20. Bf3 Bc8 21. Bxf6 Ba6 22. Bh4 Qe3 23. Ne2 Bxd3 24. cxd3 Qe6 25. b3 Bb6 26. d4 Qg6 27. Be1 Qc2 28. Rd2 Qb1 29. b4 Qxb4 30. Bxc6 Re7 31. Rd1 Qc4 32. Bf3 Qc2 33. Nc3 0-1

[Event "Wch U16"]
[Site "Heraklion"]
[Date "2004.11.08"]
[Round "6"]
[White "Ibarra Chami, Luis Fernando"]
[Black "Sirotine, Konstantin"]
[Result "0-1"]
[WhiteElo "2097"]
[BlackElo "2400"]
[PlyCount "114"]
[EventDate "2004.11.04"]
[EventType "swiss"]
[EventRounds "11"]
[EventCountry "GRE"]
[SourceTitle "EXT 2005"]
[Source "ChessBase"]
[SourceDate "2004.11.15"]
[SourceVersion "1"]
[SourceVersionDate "2004.11.15"]
[SourceQuality "1"]

1. e4 e5 2. Nf3 d6 3. d4 exd4 4. Qxd4 Nf6 5. Bg5 Be7 6. Nc3 0-0 7. 0-0-0 Nc6 8. Qd2 Be6 9. Kb1 a6 10. Nd5 Bxd5 11. exd5 Ne4 12. Qe3 Nxg5 13. dxc6 bxc6 14. Nd4 Qd7 15. Bd3 c5 16. Bf5 cxd4 17. Qxg5 Bxg5 18. Bxd7 Rab8 19. Rhe1 Bf6 20. Re2 Rxb2+ 21. Kxb2 d3+ 22. Ka3 dxe2 23. Re1 Be5 24. h3 g6 25. Rxe2 Rb8 26. Re4 c5 27. g4 Bd4 28. f3 Rb4 29. c3 Bxc3 30. Rxb4 cxb4+ 31. Kb3 d5 32. Bc6 d4 33. Be4 Kg7 34. f4 Kf6 35. Kc4 Bd2 36. Kxd4 Bxf4 37. Bd5 Kg7 38. Kc5 a5 39. Kb6 Bd2 40. Bb3 f5 41. gxf5 gxf5 42. Kxa5 f4 43. Kb5 f3 44. Kc5 f2 45. Bc4 Kf6 46. Kd4 Kf5 47. Bf1 Kf4 48. Kd3 Be1 49. h4 h5 50. Ke2 Kg3 51. Ke3 Kh2 52. Ke2 Kg1 53. Bh3 Bc3 54. Bf1 Bf6 55. Bh3 Bxh4 56. Bf1 Bg5 57. Bh3 Bf6 0-1

[Event "Krasnodar Stepanov Memorial op"]
[Site "Krasnodar"]
[Date "2004.10.??"]
[Round "2"]
[White "Piskunov, Yury"]
[Black "Sirotine, Konstantin"]
[Result "0-1"]
[WhiteElo "2228"]
[BlackElo "2400"]
[PlyCount "42"]
[EventDate "2004.10.??"]
[EventType "swiss"]
[EventRounds "9"]
[EventCountry "RUS"]
[SourceTitle "EXT 2006"]
[Source "ChessBase"]
[SourceDate "2005.11.24"]
[SourceVersion "1"]
[SourceVersionDate "2005.11.24"]
[SourceQuality "1"]

1. e4 e5 2. Nf3 d6 3. Nc3 Nf6 4. d4 exd4 5. Nxd4 Be7 6. Be2 0-0 7. 0-0 Re8 8. f4 Bf8 9. Bf3 c5 10. Nde2 Nc6 11. h3 Qb6 12. Kh2 Bd7 13. g4 Nd4 14. Nd5 Nxd5 15. exd5 Bb5 16. Nxd4 Bxf1 17. Nf5 Ba6 18. b3 c4 19. Kg2 g6 20. Ng3 Bg7 21. Rb1 Qa5 0-1

[Event "Krasnodar Stepanov Memorial op"]
[Site "Krasnodar"]
[Date "2004.10.??"]
[Round "7"]
[White "Sirotine, Konstantin"]
[Black "Gusarchuk, Aleksei"]
[Result "1-0"]
[WhiteElo "2400"]
[BlackElo "2258"]
[PlyCount "81"]
[EventDate "2004.10.??"]
[EventType "swiss"]
[EventRounds "9"]
[EventCountry "RUS"]
[SourceTitle "EXT 2006"]
[Source "ChessBase"]
[SourceDate "2005.11.24"]
[SourceVersion "1"]
[SourceVersionDate "2005.11.24"]
[SourceQuality "1"]

1. e4 d6 2. d4 Nf6 3. Nc3 g6 4. f4 Bg7 5. Nf3 c5 6. Bb5+ Bd7 7. e5 Ng4 8. Bxd7+ Qxd7 9. d5 dxe5 10. h3 e4 11. Nxe4 Nf6 12. Nxf6+ Bxf6 13. 0-0 0-0 14. Be3 Qc7 15. Ne5 c4 16. Qf3 Na6 17. Ng4 Nb4 18. Nxf6+ exf6 19. c3 Nc2 20. Rad1 Nxe3 21. Qxe3 f5 22. d6 Qc6 23. Qd4 Rae8 24. d7 Rd8 25. Rfe1 f6 26. Re7 Rf7 27. Qe3 Kg7 28. Kh2 Qb6 29. Rd4 Qc5 30. Re8 Qc7 31. Rxd8 Qxd8 32. Qe8 Rf8 33. Qe6 Rf7 34. a4 Kf8 35. a5 Kg7 36. Qd5 b6 37. a6 Re7 38. Qb7 Re2 39. Qc8 Qe7 40. Qa8 Qe3 41. d8Q 1-0

[Event "Krasnodar Stepanov Memorial op"]
[Site "Krasnodar"]
[Date "2004.10.??"]
[Round "4"]
[White "Udovichenko, Nikolai"]
[Black "Sirotine, Konstantin"]
[Result "1/2-1/2"]
[WhiteElo "2190"]
[BlackElo "2400"]
[PlyCount "73"]
[EventDate "2004.10.??"]
[EventType "swiss"]
[EventRounds "9"]
[EventCountry "RUS"]
[SourceTitle "EXT 2006"]
[Source "ChessBase"]
[SourceDate "2005.11.24"]
[SourceVersion "1"]
[SourceVersionDate "2005.11.24"]
[SourceQuality "1"]

1. d4 d5 2. c4 e6 3. Nc3 c6 4. cxd5 exd5 5. Bf4 Bf5 6. Nf3 Nf6 7. e3 Qb6 8. Qb3 Nbd7 9. Ne5 Nxe5 10. Bxe5 Nd7 11. Bf4 Qxb3 12. axb3 Bc2 13. Be2 Bxb3 14. 0-0 Be7 15. e4 0-0 16. exd5 cxd5 17. Bf3 Nf6 18. Ra5 b6 19. Raa1 Bc4 20. Rfc1 Rfd8 21. Bc7 Rdc8 22. Be5 Bb4 23. Bxf6 Bxc3 24. Rxc3 gxf6 25. g3 Rd8 26. b3 Bb5 27. Rc7 a5 28. h4 Rac8 29. Rb7 Rd6 30. Re1 Re8 31. Rxe8+ Bxe8 32. Rb8 Kf8 33. Be2 Ke7 34. Bd3 h6 35. Rb7+ Kf8 36. Rb8 Ke7 37. Rb7+ 1/2-1/2

[Event "Maikop op"]
[Site "Maikop"]
[Date "2004.04.??"]
[Round "2"]
[White "Beshukov, Sergei"]
[Black "Sirotine, Konstantin"]
[Result "1/2-1/2"]
[WhiteElo "2506"]
[BlackElo "2253"]
[PlyCount "46"]
[EventDate "2004.04.??"]
[EventType "swiss"]
[EventRounds "9"]
[EventCountry "RUS"]
[SourceTitle "EXT 2006"]
[Source "ChessBase"]
[SourceDate "2005.11.24"]
[SourceVersion "1"]
[SourceVersionDate "2005.11.24"]
[SourceQuality "1"]

1. e4 e6 2. d3 d5 3. Qe2 Nf6 4. Nf3 Be7 5. g3 c5 6. Bg2 Nc6 7. e5 Nd7 8. c4 d4 9. h4 Qc7 10. Bf4 b6 11. 0-0 Bb7 12. Na3 a6 13. Nc2 h6 14. h5 0-0-0 15. a3 g5 16. hxg6 fxg6 17. b4 g5 18. Bd2 Ncxe5 19. bxc5 Bxf3 20. Bxf3 Nxf3+ 21. Qxf3 Nxc5 22. Bb4 a5 23. Bxc5 Bxc5 1/2-1/2